000 00763nam a22002177a 4500
999 _c22590
_d22590
003 AR-CdUCM
008 190425b ||||| |||| 00| 0 spa d
020 _a9786124347542
040 _aMUNICIPALIDAD PROVINCIAL DEL CUSCO
_cBIBLIOTECA MUNICIPAL DEL CUSCO
082 _aPI/869.56/P332Ch7
_bP332Ch7
100 _aPaz Medrano, Andrea
_948584
245 _aChimoc va al museo /
_c[textos e ilustraciones], Andrea y Claudia Paz
260 _aLima :
_bPanamericana Editorial,
_c2020.
300 _a37 páginas. :
_bilustraciones en color ;
_c24 cm
650 _aCuentos infantiles peruanos
_93914
650 _aLiteratura infantil
_9588
650 _aCuentos infantiles
_93927
700 _aPaz Medrano, Claudia
_eautor
_948586
942 _2ddc
_cLIBROS
945 _arac